Народная медицина как продукт интеллектуальной собственности (Запись № 13659977)

Подробности
000 -МАРКЕР
контрольное поле 02489nam0a2200385 4500
001 - ИДЕНТИФИКАТОР ЗАПИСИ
контрольное поле RU\NLR\BIBL_A\022269706
005 - ИДЕНТИФИКАТОР ВЕРСИИ
контрольное поле 20260420011649.0
010 ## - МЕЖДУНАРОДНЫЙ СТАНДАРТНЫЙ НОМЕР КНИГИ (ISBN)
Номер (ISBN) 978-5-98708-152-5
Тираж 100
021 ## - НОМЕР ГОСУДАРСТВЕННОЙ РЕГИСТРАЦИИ
Код страны Российская Федерация
Номер КН-П-24-029413
Номер Листа государственной регистраци КН-П-24-2992
035 ## - ДРУГИЕ СИСТЕМНЫЕ НОМЕРА
Идентификатор записи (NLR Aleph) 022269706
100 ## - ДАННЫЕ ОБЩЕЙ ОБРАБОТКИ
Данные общей обработки 20240703d2022 k y0rusy50 ca
101 0# - ЯЗЫК РЕСУРСА
Язык текста, звукозаписи и т.д. русский
102 ## - СТРАНА ПУБЛИКАЦИИ ИЛИ ПРОИЗВОДСТВА
Страна публикации Российская Федерация
105 ## - ПОЛЕ КОДИРОВАННЫХ ДАННЫХ: ТЕКСТОВЫЕ МАТЕРИАЛЫ, МОНОГРАФИЧЕСКИЕ
Кодированные данные о монографическом текстовом документе a|||g|||000yy
181 #0 - ПОЛЕ КОДИРОВАННЫХ ДАННЫХ: ВИД СОДЕРЖАНИЯ
Код вида содержания (ISBD) i
Код характеристики содержания (ISBD) axxe
182 #0 - ПОЛЕ КОДИРОВАННЫХ ДАННЫХ: ТИП СРЕДСТВА
Код типа средства (ISBD) n - непосредственное
200 1# - ЗАГЛАВИЕ И СВЕДЕНИЯ ОБ ОТВЕТСТВЕННОСТИ
Основное заглавие Народная медицина как продукт интеллектуальной собственности
Сведения, относящиеся к заглавию справочно-информационное пособие
Первые сведения об ответственности Министерство культуры Красноярского края, Краевое государственное бюджетное учреждение культуры "Таймырский дом народного творчества"
Последующие сведения об ответственности автор-составитель: А. А. Барболина, методист
-- редактор: В. Г. Заварзина
203 ## - ВИД СОДЕРЖАНИЯ И ТИП СРЕДСТВА
Вид содержания Текст
Дополнительные сведения об издании визуальный
Тип средства непосредственный
210 ## - ПУБЛИКАЦИЯ, РАСПРОСТРАНЕНИЕ И ДР.
Место издания, распространения и т.д. Дудинка
Имя издателя, распространителя и т. д. [б. и.]
Место издания, распространения и т.д. Красноярск
Имя издателя, распространителя и т. д. Новая техника и технологии
Дата издания, распространения и т.д. 2022
215 ## - ФИЗИЧЕСКАЯ ХАРАКТЕРИСТИКА
Специфическое обозначение материала и объем 38, [1] с.
Другие сведения о физической характеристике цв. ил.
Размеры 15
225 1# - СЕРИЯ
Основное заглавие серии Сохраняя уроки предков
Сведения об ответственности Барболина А. А.
300 ## - ОБЩИЕ ПРИМЕЧАНИЯ
Текст примечания Над вып. дан., в макете, на корешке и обл. авт.: Барболина А. А.
309 ## - ПРИМЕЧАНИЯ ОБ ОСНОВНОМ ИСТОЧНИКЕ ИНФОРМАЦИИ И ОБ ОСОБЕННОСТЯХ ПОЛИГРАФИЧЕСКОГО ОФОРМЛЕНИЯ ИЗДАНИЯ
Текст примечания Вложена с 3 другими кн. в футляр с загл. серии. На футляре ошибочно авт. серии: Бараболина А. А.
320 ## - ПРИМЕЧАНИЯ О НАЛИЧИИ В ДОКУМЕНТЕ БИБЛИОГРАФИИ / УКАЗАТЕЛЯ
Текст примечания Библиогр.: с. 37-38
606 1# - НАИМЕНОВАНИЕ ТЕМЫ КАК ПРЕДМЕТ
Наименование темы Народная медицина
Формальный подзаголовок Справочники
Географический подзаголовок Таймыр, полуостров (Северо-Восток Азиатской части РФ)
Системный номер авторитетной/нормативной записи 2594634
Идентификатор авторитетной/нормативной записи RU\NLR\AUTH\6601742694
686 1# - ИНДЕКСЫ ДРУГИХ КЛАССИФИКАЦИЙ
Индекс Р359.2(2Р54-6Кра-6Т)я22
702 #1 - ИМЯ ЛИЦА - ВТОРИЧНАЯ ОТВЕТСТВЕННОСТЬ
Код отношения Составитель
Графика поля Кириллица
Материалы, к которым относится поле rus
Начальный элемент ввода Барболина
Часть имени, кроме начального элемента ввода А. А.
Даты 1947-
Расширение инициалов личного имени Анна Алексеевна
Системный номер авторитетной/нормативной записи 20621
Идентификатор авторитетной/нормативной записи RU\NLR\AUTH\7737633
702 #1 - ИМЯ ЛИЦА - ВТОРИЧНАЯ ОТВЕТСТВЕННОСТЬ
Код отношения Редактор
Графика поля Кириллица
Материалы, к которым относится поле rus
Начальный элемент ввода Заварзина
Часть имени, кроме начального элемента ввода В. Г.
Даты 1947-
Расширение инициалов личного имени Валентина Георгиевна
Системный номер авторитетной/нормативной записи 251833
Идентификатор авторитетной/нормативной записи RU\NLR\AUTH\770251889
712 02 - НАИМЕНОВАНИЕ ОРГАНИЗАЦИИ - ВТОРИЧНАЯ ОТВЕТСТВЕННОСТЬ
Код отношения Прочие
Начальный элемент ввода Таймырский дом народного творчества
Идентифицирующий признак Дудинка
Системный номер авторитетной/нормативной записи 741771
Идентификатор авторитетной/нормативной записи RU\NLR\AUTH\8810121844
942 ## - ДОПОЛНИТЕЛЬНЫЕ ЭЛЕМЕНТЫ ЗАПИСИ (АБИС)
Тип экземпляра АБИС Книга
980 ## - КОЛЛЕКЦИЯ
Название коллекции Национальная библиография

Нет доступных экземпляров.